000 00958nam0a22002771 4500
001 rc\60979
005 20250620164335.0
010 _a5-86847-067-2
_925000
035 _a(NLR Aleph) 005336799
090 _a6650435
_c6650435
100 _a20021216d1997 |||y0rusy50 ca
101 0 _arus
102 _aRU
105 _aa |||||||||
200 1 _aСтенание земли
_eИсслед. Кн. пророка Даниила
_e[Пер. с фр.]
210 _aпос. Заокский (Тул. обл.)
_cИсточник жизни
_d[1997?]
215 _a312 с.
_cил.
_d20
300 _aПеревод изд.: Le soupir de la terre / Jacgues Doukhan (Vie et sante)
320 _aБиблиогр. в примеч.: с. 296-312
500 1 0 _aБиблия
_iВетхий Завет
_iДаниил
700 1 _aДукан
_bЖ.
_gЖак
801 0 _aRU
_bNLR
_gpsbo
801 1 _aRU
_bELAR
_2rusmarc
852 _aNLR
_j97-3/2241
942 _cBOOK
980 _aNB